Normal view
MARC view
- Sabo,Roy,T
Entry Personal Name
001 - CONTROL NUMBER
- control field: 530
003 - CONTROL NUMBER IDENTIFIER
- control field: OSt
005 - DATE AND TIME OF LATEST TRANSACTION
- control field: 20160621143847.0
008 - FIXED-LENGTH DATA ELEMENTS
- fixed length control field: 160621|| aca||aabn | a|a d
040 ## - CATALOGING SOURCE
- Original cataloging agency: OSt
- Transcribing agency: OSt
100 ## - HEADING--PERSONAL NAME
- Personal name: Sabo,Roy,T
670 ## - SOURCE DATA FOUND
- Source citation: Work cat.: (OSt): Sabo,Roy,T, Statistical Research Methods - A Guide for Non -Statisticians, 2013
